000 00704nam a2200241Ia 4500
003 OSt
005 20220925215258.0
006 a|||||r|||| 00| 0
007 ta
008 220923b |||||||| |||| 00| 0 eng d
037 _cGeneral Book
040 _aRTL
_cRTL
_beng
041 _2eng
_aeng
082 _aU43.5.N7, M0
100 _aHall Peter
_951520
245 0 _aGrowth centres in the European urban system
260 _aLondon
_bHeinemann Educational Books U. K.
_c1980
300 _axxii, 278p
_ccm.
650 _aUrban Geography-Europe
_9231201
700 _a Hay Dennis
_9282465
942 _hU43.5.N7, M0
_cGB
_2CC
999 _c568337
_d568337